Infrared and millimeter waves and their Applications (Record no. 6940)

MARC details
000 -LEADER
fixed length control field 00715nam a2200193Ia 4500
003 - CONTROL NUMBER IDENTIFIER
control field IN-BaIIA
008 - FIXED-LENGTH DATA ELEMENTS--GENERAL INFORMATION
fixed length control field 211028s9999 xx 000 0 eng d
040 ## - CATALOGING SOURCE
Transcribing agency IIA Library
080 ## - UNIVERSAL DECIMAL CLASSIFICATION NUMBER
Universal Decimal Classification number 52-76
Item number INF
111 ## - MAIN ENTRY--MEETING NAME
Meeting name or jurisdiction name as entry element Fourth International Conference
Location of meeting Florida
Date of meeting or treaty signing 1979 Dec.10-15
9 (RLIN) 11890
245 #0 - TITLE STATEMENT
Title Infrared and millimeter waves and their Applications
Statement of responsibility, etc. edited by S. Perkowitz
260 ## - PUBLICATION, DISTRIBUTION, ETC.
Place of publication, distribution, etc. New York
Name of publisher, distributor, etc. The Institute of Electrical and Electronics Engineering
Date of publication, distribution, etc. 1979
300 ## - PHYSICAL DESCRIPTION
Extent [various pagings.]
650 ## - SUBJECT ADDED ENTRY--TOPICAL TERM
Topical term or geographic name entry element Astronomy and Astrophysics thesaurus
650 ## - SUBJECT ADDED ENTRY--TOPICAL TERM
Topical term or geographic name entry element Infrared Astronomy
9 (RLIN) 5673
650 ## - SUBJECT ADDED ENTRY--TOPICAL TERM
Topical term or geographic name entry element Millimeter waves
9 (RLIN) 11592
700 ## - ADDED ENTRY--PERSONAL NAME
Personal name Perkowitz, S., ed.
9 (RLIN) 11891
942 ## - ADDED ENTRY ELEMENTS (KOHA)
Koha item type Books
Holdings
Withdrawn status Lost status Damaged status Not for loan Home library Current library Shelving location Date acquired Total Checkouts Full call number Barcode Date last seen Price effective from Koha item type Purchase Price
        IIA Library-Bangalore IIA Library-Bangalore General Stacks 19/11/1981   52-76/ INF 7714 05/11/2021 19/11/1981 Books 22

Powered by Koha